=LDR 00000nam 2200000 4500 =001 INLIS000000000041802 =005 20200929093024 =035 ##$$a 0010-061300000041802 =008 200929################g##########0#ind## =041 ##$$a Ind =082 ##$$a 304.209 598 8 =090 ##$$a 304.209 598 8 =100 ##$$a Erari, Karel Phil. =245 1#$$a Tanah Kita, Hidup Kita : $b Hubungan manusia dan tanah di Irian Jaya sebagai persoalan teologis (Eko teologi dalam perspektif Melanesia ) /$c Dr. Karel Phil. Erari =260 ##$$a Jakarta :$b Pustaka Sinar Harapan,$c 1999. =300 ##$$a 291 hlm, : $b Ilus. ; $c 21 x 14 cm. =850 ##$$a NBPNMAT =020 ##$$a 979-416-591-3 =084 ##$$a 304.209 598 8 ERA t =250 ##$$a Cet. 1 =650 #4$$a Ekologi Manusia-Irian Jaya =504 ##$$a Bibliografi :hlm.279-289 =990 ##$$a 144,064/Pro-99 =990 ##$$a 144.066/Pro-1999